00922nam a22002417a 4500999001900000005001700019010001500036020002700051035001400078037001300092082001400105100002900119245015600148250001700304260003000321270008500351300002600436490003100462500001900493700001700512942002800529952012300557 c147101d14710120230406111915.0 aENG-121144 c1695.00a9788131252543 aEN-104676 bDBAD/PUB a346.54078 aMulla, Dinshah Fardunji,00aMulla on the law of insolvency in India :cBy Dinshaw Fardunji MullabOn the presidency insolvency act, 1909 and the provincial insolvency act, 1920 /  a6th edition  aGurgaonbLexisNexisc2017 a14th floor, Building No 10, Tower-B, DLF Cyber City, Phase-II ,bGurgaone122002 acxi,970p.;c25cm(hbk) aTagore law lectures ; 1929 aIncludes index a Aparna Ravi 2ddccENmMULh346.54078 001040708REFaLbLd2017-11-02eDBAD/PUBg1695.00l0o346.54078 MULpEN-104676r2017-11-02 00:00:00t1v1685.00yEN